Ouija Board_Malayalam (Record no. 38095)
[ view plain ]
| 000 -LEADER | |
|---|---|
| fixed length control field | 01563nam a22001937a 4500 |
| 020 ## - INTERNATIONAL STANDARD BOOK NUMBER | |
| ISBN | 9789357325073 |
| 082 ## - DEWEY DECIMAL CLASSIFICATION NUMBER | |
| Classification number | 920 AKH |
| 100 ## - MAIN ENTRY--AUTHOR NAME | |
| Personal name | Akhil P Dharmajan |
| 245 ## - TITLE STATEMENT | |
| Title | Ouija Board_Malayalam |
| 250 ## - EDITION STATEMENT | |
| Edition statement | 1 |
| 260 ## - PUBLICATION, DISTRIBUTION, ETC. (IMPRINT) | |
| Name of publisher | DC Books |
| Place of publication | Kottayam |
| Year of publication | 2025 |
| 300 ## - PHYSICAL DESCRIPTION | |
| Number of Pages | Number of pages : 208 |
| 500 ## - GENERAL NOTE | |
| General note | Category : Novel, Upmarket Fiction, HORROR |
| 520 ## - SUMMARY, ETC. | |
| Summary, etc | เดชเตเดฐเตเดคเดเตเดเดณเตเดเตเดเตเดฑเดฟเดเตเดเตเดณเตเดณ เดเดตเตเดทเดฃเดคเตเดคเดฟเดจเดพเดฏเดฟ เดเดพเดจเดกเดฏเดฟเตฝ เดจเดฟเดจเตเดจเต เดเตเดฐเดณเดคเตเดคเดฟเดฒเตเดคเตเดคเดฟเดฏ เดฎเดพเดงเตเดฏเดฎเดชเตเดฐเดตเตผเดคเตเดคเดเตป เด เดฒเดเตเดธเต เดตเดพเดเดเดฏเตเดเตเดเต เดคเดพเดฎเดธเดฟเดเตเดเดพเดจเตเดเตเดคเตเดค เดตเตเดเดฟเดจเต เดฆเตเตผเดฎเดฐเดฃเดเตเดเดณเตเดเต เดเดฐเตเดฃเตเด เดญเตเดคเดเดพเดฒเดฎเตเดฃเตเดเต. เดฎเดฐเดฃเดเตเดเดณเต เดเตเดเตเดฑเดฟเดเตเดเต เดเดพเดฒเดเตเดเตพเดเตเดเดฟเดชเตเดชเตเดฑเดตเตเด เด เดตเดถเตเดทเดฟเดเตเดเตเดจเตเดจ เดเตเดฆเตเดฏเดเตเดเตพเดเตเดเต เดเดคเตเดคเดฐเด เดเดฃเตเดเตเดคเตเดคเดพเตป เด เดฒเดเตเดธเตเด เดเตเดเตเดเตเดเดพเดฐเตเด เดเดเตเดฌเตเตผเดกเดฟเตปเตเดฑเต เดธเดนเดพเดฏเดคเตเดคเตเดเต เดจเดเดคเตเดคเตเดจเตเดจ เดฏเดพเดคเตเดฐเดฏเดพเดฃเต เด เดจเตเดตเตฝ. เดตเดพเดฏเดจเดเตเดเดพเดฐเต เดญเตเดคเดฟเดฏเตเดเต เดฒเตเดเดคเตเดคเต เด เดเดชเตเดชเตเดเตเดคเตเดคเตเดจเตเดจ เดธเดฟเดจเดฟเดฎเดพเดฑเตเดฑเดฟเดเตเดเดพเดฏ เดเดเตเดฏเดพเดจเด . |
| 546 ## - LANGUAGE NOTE | |
| Language note | Language : Malayalam |
| 650 ## - SUBJECT ADDED ENTRY--TOPICAL TERM | |
| Topical Term | GEN |
| 942 ## - ADDED ENTRY ELEMENTS (KOHA) | |
| Koha item type | Text Book |
| 952 ## - LOCATION AND ITEM INFORMATION (KOHA) | |
| Damaged status | |
| Not for loan | |
| Withdrawn status | Collection code | Permanent Location | Current Location | Date acquired | Source of acquisition | Cost, normal purchase price | Inventory number | Full call number | Accession Number | Price effective from | Koha item type |
|---|---|---|---|---|---|---|---|---|---|---|---|
| GENERAL | VAST Central Library | VAST Central Library | 25/11/2025 | DC Bookshop,Thrissur | 250.00 | 000729 | 920 AKH | 38234 | 18/12/2025 | Text Book |